Central Library OPAC University of Rajshahi

The God of Small Things / (Record no. 62298)

MARC details
000 -LEADER
fixed length control field 00671nam a2200241 a 4500
001 - CONTROL NUMBER
control field 62298
003 - CONTROL NUMBER IDENTIFIER
rucl marc code BD-RjUL
005 - DATE AND TIME OF LATEST TRANSACTION
control field 20211209081051.0
008 - FIXED-LENGTH DATA ELEMENTS--GENERAL INFORMATION
fixed length control field 170123s1997 ii 000 1 eng
020 ## - INTERNATIONAL STANDARD BOOK NUMBER
International Standard Book Number 8186939008
035 ## - SYSTEM CONTROL NUMBER
System control number (BD-RjUL)62424
040 ## - CATALOGING SOURCE
Original cataloging agency DLC
Transcribing agency DLC
Language of cataloging eng
Modifying agency BD-RjUL
041 ## - LANGUAGE CODE
Language code of text/sound track or separate title eng
082 ## - DEWEY DECIMAL CLASSIFICATION NUMBER
Edition number 23
Classification number 823
Author mark and year ROG 1997
100 1# - MAIN ENTRY--PERSONAL NAME
Personal name Roy, Arundhati.
9 (RLIN) 185295
245 14 - TITLE STATEMENT
Title The God of Small Things /
Statement of responsibility, etc. Arundhati Roy
260 ## - PUBLICATION, DISTRIBUTION, ETC. (IMPRINT)
Place of publication, distribution, etc. New Delhi, India :
Name of publisher, distributor, etc. IndiaInk,
Date of publication, distribution, etc. c1997.
300 ## - PHYSICAL DESCRIPTION
Pagination 339 p. ;
Size 22 cm.
650 ## - SUBJECT ADDED ENTRY--TOPICAL TERM
Topical term or geographic name as entry element Twins -- Fiction.
9 (RLIN) 185296
Topical term or geographic name as entry element Social classes
Geographic subdivision India
General subdivision Fiction
9 (RLIN) 233704
651 #0 - SUBJECT ADDED ENTRY--GEOGRAPHIC NAME
Geographic name India
General subdivision Fiction.
9 (RLIN) 185297
942 ## - ADDED ENTRY ELEMENTS (KOHA)
Source of classification or shelving scheme Dewey Decimal Classification
Koha item type Books
Holdings
Lost status Source of classification or shelving scheme Damaged status Not for loan Collection code Permanent Location Current Location Shelving location Date acquired Source of acquisition Cost, normal purchase price Total Checkouts Full call number Date last seen Copy number Koha item type
  Dewey Decimal Classification   Not For Loan Fiction Central Library, University of Rajshahi Central Library, University of Rajshahi Reading Room 21/04/1998 R.U.C.L. 250.00   823 ROG 1997 23/01/2017 C-1 Books